000 00506nam a22001337a 4500
082 _a620.005
245 _aAssessment of Existing Internet Censorship Mechanism of Pakistan and Development of Strategic Framework for its Effectiveness /
_cSaba Afaq.
260 _aIslamabad :
_bCEME - NUST,
_c2017.
300 _a110 p. : ill. ;
_c30cm.
650 _aEngineering Management - MS Theses.
_934601
700 _aSup: Dr. Nawar Khan.
_934603
942 _2ddc
_cTHE
999 _c540536
_d540536